000 01133nam a22002297a 4500
005 20260120105659.0
010 _aB-777886
020 _c200.00
_a9789390859825
035 _aB-777886
037 _bउपहार
082 _a155.2508
100 _aराठी,मंजू
_986603
245 _aचुप्पी तोड़ो खुलकर बोलोः
_bकिशोरावस्था में बालिकाओं का शारीरिक परिवर्तन शंकाएँ एवं समाधान/
_cमंजू राठी
260 _aजयपुर(राज.)
_bअनुपम प्रकाशन
_c2024
270 _bजयपुर
_aएफ-11, एस.जी.एम. हाउस नाटाणियों का रास्ता,चौड़ा रास्ता,
_e302003
300 1 _a144पृ.
_c22सेमी (अजिल्द)
700 _951669
710 _934811
710 _935049
942 _2ddc
_cCH
_mराठीमं
_h155.2508
999 _c214288
_d214288